Normal view
MARC view
Entry Personal Name
001 - CONTROL NUMBER
- control field: 45368
003 - CONTROL NUMBER IDENTIFIER
- control field: OSt
005 - DATE AND TIME OF LATEST TRANSACTION
- control field: 20240212125446.0
008 - FIXED-LENGTH DATA ELEMENTS
- fixed length control field: 240212|| aca||aabn | a|a d
040 ## - CATALOGING SOURCE
- Original cataloging agency: OSt
- Transcribing agency: OSt
100 ## - HEADING--PERSONAL NAME
- Personal name: R Asthana, G P Bagaria
670 ## - SOURCE DATA FOUND
- Source citation: Work cat.: (OSt)61103: R R GAUR 45367, A foundation course in HUMAN VALUES and professional ethics, 2019
